000 00450nam a22001697a 4500
005 20251108175623.0
008 250721s2018 xx 000 0 eng d
082 1 4 _aJ/F/PRI
245 1 4 _aTHE PRINCESS & THE PEA /
264 _bHome Applied Training,
_c2018.
300 _a32p
490 0 _aGraded Readers
_vLevel 2
650 1 7 _aFiction
653 _aأطفال مرحلة متوسطة (6-9) سنوات
942 _2ddc
_cBK
999 _c138459
_d138459